| 000 | 00000nam##2200000za#4500 |
| 001 | 9.668334 |
| 003 | CaOODSP |
| 005 | 20210615124109 |
| 007 | ta |
| 008 | 150407|2007||||xxc||||| f|0| 0 fre|d |
| 020 | |a978-0-662-49807-0 |
| 040 | |aCaOODSP|bfre |
| 041 | |aeng |
| 041 | |afre |
| 043 | |an-cn--- |
| 086 | 1 |aR2-457/2007 |
| 110 | 1 |aCanada.|bAffaires indiennes et du Nord. |
| 245 | 13|aLa démographie des Indiens inscrits : |bprojections de la population, des ménages et des familles, 2004-2029 |
| 260 | |aOttawa - Ontario : |bAffaires indiennes et du Nord |c[2007]. |
| 300 | |a1 feuille pliée (texte français, [4p.]) : |bfigures, graphiques, photographies ; |c28 cm. |
| 563 | |aDépliant |
| 590 | |a08-29|b2008-07-18 |
| 691 | 07|aAutochtones|2gcpds |
| 776 | 0#|tLa démographie des Indiens inscrits : |w(CaOODSP)9.633666 |
| 776 | 0#|tRegistered Indian demography : |w(CaOODSP)9.689248 |
| 791 | |tRegistered Indian demography : |eeng|w(CaOODSP)9.668333 |
| 986 | |aQS-7086-000-BB-A1 |